000 01056nam a2200217Ia 4500
003 Ost
005 20260507075017.0
008 260507s9999||||xx |||||||||||||| ||und||
020 _a8043328977
040 _cfsecg
041 _aara
082 _a382.9
100 _aدويدار، هاني
_eمؤلف
245 0 _aأثر الإتفاقية العامة للتجارة في الخدمات (GATS)في المهن الحرة :
_bنحو توحيد النظام القانوني للخدمات الرأسمالية وغير الرأسمالية /
_c هاني دويدار
260 _aالإسكندرية:
_bدار الجامعة الجديدة,
_c2001
300 _a145 صفحة؛
_bإيضاحات ؛
_c24 سم
520 _aحدود تطبيق الإتفاقية العامة للتجارة في الخدمات على المهن الحرة-مستقبل المهن الحرة في ظل تحرير التجارة في الخدمات
653 _aالاتفاقيات التجارية
653 _aالتجارة الخارجية
942 _cكتاب
999 _c42229
_d42229